|
|
|
|
| LEADER |
00000cam a2200000 i 4500 |
| 001 |
1/35331 |
| 008 |
941103s1987 gr | ||| |||| ||gre|| |
| 035 |
|
|
|a 1992
|l 10039922
|
| 040 |
|
|
|a GR-MyUA
|b gre
|e AACR2
|
| 041 |
0 |
|
|a gre
|
| 082 |
0 |
|
|a 005.133
|
| 100 |
1 |
|
|a Κλημόπουλος, Στέργιος.
|
| 245 |
1 |
0 |
|a FORTRAN 77 :
|b για μικρουπολογιστές (ΙΒΜ pc και συμβατούς) /
|c Στερ. Κ. Κλημόπουλος, Αθαν. Γ. Τσουροπλής.
|
| 260 |
|
|
|a Αθήνα :
|b [χ.ό.],
|c 1987.
|
| 300 |
|
|
|a 317 σ. ;
|c 24 εκ.
|
| 650 |
0 |
0 |
|a FORTRAN 77 (Computer program language)
|
| 700 |
1 |
|
|a Τσουροπλής, Αθανάσιος Γ.
|
| 852 |
|
|
|a INST
|b SAMOS
|e 19941103
|h 005.133 ΚΛΗ
|p 005300002238
|q 005300002238
|t BK
|y 0
|
| 852 |
|
|
|a INST
|b SAMOS
|e 19941103
|h 005.133 ΚΛΗ
|p 005300002239
|q 005300002239
|t BK
|y 0
|
| 852 |
|
|
|a INST
|b SAMOS
|e 19941103
|h 005.133 ΚΛΗ
|p 005300002240
|q 005300002240
|t BK
|y 0
|
| 852 |
|
|
|a INST
|b SAMOS
|e 19941103
|h 005.133 ΚΛΗ
|p 005300002241
|q 005300002241
|t BK
|y 0
|
| 852 |
|
|
|a INST
|b SAMOS
|e 19941103
|h 005.133 ΚΛΗ
|p 005300002242
|q 005300002242
|t BK
|y 0
|
| 852 |
|
|
|a INST
|b SAMOS
|e 19941103
|h 005.133 ΚΛΗ
|p 005300002243
|q 005300002243
|t BK
|y 0
|
| 852 |
|
|
|a INST
|b SAMOS
|e 19941103
|h 005.133 ΚΛΗ
|p 005300002244
|q 005300002244
|t BK
|y 0
|
| 852 |
|
|
|a INST
|b SAMOS
|e 19941103
|h 005.133 ΚΛΗ
|p 005300002245
|q 005300002245
|t BK
|y 0
|
| 852 |
|
|
|a INST
|b SAMOS
|e 19941103
|h 005.133 ΚΛΗ
|p 005300002246
|q 005300002246
|t BK
|y 0
|
| 852 |
|
|
|a INST
|b SAMOS
|e 19941103
|h 005.133 ΚΛΗ
|p 005300002247
|q 005300002247
|t BK
|y 0
|
| 852 |
|
|
|a INST
|b SAMOS
|e 19941103
|h 005.133 ΚΛΗ
|p 005300002248
|q 005300002248
|t BK
|y 0
|
| 852 |
|
|
|a INST
|b SAMOS
|e 19941103
|h 005.133 ΚΛΗ
|p 005300002249
|q 005300002249
|t BK
|y 0
|
| 852 |
|
|
|a INST
|b SAMOS
|e 19941103
|h 005.133 ΚΛΗ
|p 005300002250
|q 005300002250
|t BK
|y 0
|
| 852 |
|
|
|a INST
|b SAMOS
|e 19941103
|h 005.133 ΚΛΗ
|p 005300002251
|q 005300002251
|t BK
|y 0
|
| 852 |
|
|
|a INST
|b SAMOS
|e 19941103
|h 005.133 ΚΛΗ
|p 005300002252
|q 005300002252
|t BK
|y 0
|
| 852 |
|
|
|a INST
|b SAMOS
|e 19941103
|h 005.133 ΚΛΗ
|p 005300002253
|q 005300002253
|t BK
|y 0
|
| 852 |
|
|
|a INST
|b SAMOS
|e 19941103
|h 005.133 ΚΛΗ
|p 005300002254
|q 005300002254
|t BK
|y 0
|
| 852 |
|
|
|a INST
|b SAMOS
|e 19941103
|h 005.133 ΚΛΗ
|p 005300014028
|q 005300014028
|t BK
|y 12
|
| 852 |
|
|
|a INST
|b SAMOS
|e 19941103
|h 005.133 ΚΛΗ
|p 005300014029
|q 005300014029
|t BK
|y 12
|
| 852 |
|
|
|a INST
|b SAMOS
|e 19941103
|h 005.133 ΚΛΗ
|p 005300014030
|q 005300014030
|t BK
|y 12
|
| 909 |
|
|
|a Σ
|b 011533
|
| 909 |
|
|
|a Σ
|b 011525
|
| 909 |
|
|
|a Σ
|b 011524
|
| 909 |
|
|
|a Σ
|b 011526
|
| 909 |
|
|
|a Σ
|b 011527
|
| 909 |
|
|
|a Σ
|b 011528
|
| 909 |
|
|
|a Σ
|b 011529
|
| 909 |
|
|
|a Σ
|b 011531
|
| 909 |
|
|
|a Σ
|b 011532
|
| 909 |
|
|
|a Σ
|b 011534
|
| 909 |
|
|
|a Σ
|b 011535
|
| 909 |
|
|
|a Σ
|b 011536
|
| 909 |
|
|
|a Σ
|b 011537
|
| 909 |
|
|
|a Σ
|b 011538
|
| 909 |
|
|
|a Σ
|b 011530
|
| 909 |
|
|
|a Σ
|b 022985
|
| 909 |
|
|
|a Σ
|b 022986
|
| 909 |
|
|
|a Σ
|b 022987
|
| 909 |
|
|
|a Σ
|b 022988
|
| 909 |
|
|
|a Σ
|b 023213
|